<?xml version="1.0" encoding="UTF-8"?>
<collection xmlns="http://www.loc.gov/MARC21/slim">
 <record>
  <leader>01910nam a22002417a 4500</leader>
  <controlfield tag="001">NCT_50093</controlfield>
  <controlfield tag="008">180913b        xxu||||| |||| 00| 0 vie d</controlfield>
  <datafield tag="999" ind1=" " ind2=" ">
   <subfield code="c">2394</subfield>
   <subfield code="d">2394</subfield>
  </datafield>
  <datafield tag="020" ind1=" " ind2=" ">
   <subfield code="a">9786048220679</subfield>
   <subfield code="c">94000</subfield>
  </datafield>
  <datafield tag="082" ind1="0" ind2="4">
   <subfield code="2">23rd ed.</subfield>
   <subfield code="a">711.580711</subfield>
   <subfield code="b">M312</subfield>
  </datafield>
  <datafield tag="100" ind1="1" ind2=" ">
   <subfield code="a">Trần Tuấn Minh</subfield>
  </datafield>
  <datafield tag="245" ind1="1" ind2="0">
   <subfield code="a">Giáo trình quy hoạch không gian ngầm thành phố</subfield>
   <subfield code="c">Trần Tuấn Minh</subfield>
  </datafield>
  <datafield tag="260" ind1=" " ind2=" ">
   <subfield code="a">H.</subfield>
   <subfield code="b">Xây dựng</subfield>
   <subfield code="c">2017</subfield>
  </datafield>
  <datafield tag="300" ind1=" " ind2=" ">
   <subfield code="a">181 tr.</subfield>
   <subfield code="b">hình vẽ, bảng</subfield>
   <subfield code="c">27cm</subfield>
  </datafield>
  <datafield tag="520" ind1="3" ind2=" ">
   <subfield code="a">Nội dung sách gồm vai trò, nhiệm vụ của không gian ngầm đô thị phục vụ cho mục đích khác nhau trong đời sống khác nhau; Phân loại các không gian ngầm đô thị phục vụ cho các mục đích khác nhau trong đời sống xã hội; Những nguyên tắc cơ bản của việc quy hoạch, thiết kế, sử dụng và khai thác các khoảng không gian ngầm dưới các đô thị;.... </subfield>
  </datafield>
  <datafield tag="653" ind1=" " ind2=" ">
   <subfield code="a">Kỹ thuật công trình xây dựng</subfield>
  </datafield>
  <datafield tag="942" ind1=" " ind2=" ">
   <subfield code="2">ddc</subfield>
   <subfield code="c">BK</subfield>
  </datafield>
  <datafield tag="952" ind1=" " ind2=" ">
   <subfield code="0">0</subfield>
   <subfield code="1">0</subfield>
   <subfield code="2">ddc</subfield>
   <subfield code="4">0</subfield>
   <subfield code="6">711_580711000000000_M312</subfield>
   <subfield code="7">0</subfield>
   <subfield code="9">13809</subfield>
   <subfield code="a">000001</subfield>
   <subfield code="b">000001</subfield>
   <subfield code="d">2018-09-13</subfield>
   <subfield code="o">711.580711 M312</subfield>
   <subfield code="p">MD.12808</subfield>
   <subfield code="r">2018-09-13</subfield>
   <subfield code="v">94000.00</subfield>
   <subfield code="w">2018-09-13</subfield>
   <subfield code="y">BK</subfield>
  </datafield>
  <datafield tag="952" ind1=" " ind2=" ">
   <subfield code="0">0</subfield>
   <subfield code="1">0</subfield>
   <subfield code="2">ddc</subfield>
   <subfield code="4">0</subfield>
   <subfield code="6">711_580711000000000_M312</subfield>
   <subfield code="7">0</subfield>
   <subfield code="9">13810</subfield>
   <subfield code="a">000001</subfield>
   <subfield code="b">000001</subfield>
   <subfield code="d">2018-09-13</subfield>
   <subfield code="o">711.580711 M312</subfield>
   <subfield code="p">MD.12809</subfield>
   <subfield code="r">2018-09-13</subfield>
   <subfield code="v">94000.00</subfield>
   <subfield code="w">2018-09-13</subfield>
   <subfield code="y">BK</subfield>
  </datafield>
  <datafield tag="952" ind1=" " ind2=" ">
   <subfield code="0">0</subfield>
   <subfield code="1">0</subfield>
   <subfield code="2">ddc</subfield>
   <subfield code="4">0</subfield>
   <subfield code="6">711_580711000000000_M312</subfield>
   <subfield code="7">0</subfield>
   <subfield code="9">13811</subfield>
   <subfield code="a">000001</subfield>
   <subfield code="b">000001</subfield>
   <subfield code="d">2018-09-13</subfield>
   <subfield code="o">711.580711 M312</subfield>
   <subfield code="p">MD.12810</subfield>
   <subfield code="r">2018-09-13</subfield>
   <subfield code="v">94000.00</subfield>
   <subfield code="w">2018-09-13</subfield>
   <subfield code="y">BK</subfield>
  </datafield>
  <datafield tag="952" ind1=" " ind2=" ">
   <subfield code="0">0</subfield>
   <subfield code="1">0</subfield>
   <subfield code="2">ddc</subfield>
   <subfield code="4">0</subfield>
   <subfield code="6">711_580711000000000_M312</subfield>
   <subfield code="7">0</subfield>
   <subfield code="9">13812</subfield>
   <subfield code="a">000001</subfield>
   <subfield code="b">000001</subfield>
   <subfield code="d">2018-09-13</subfield>
   <subfield code="o">711.580711 M312</subfield>
   <subfield code="p">MD.12811</subfield>
   <subfield code="r">2018-09-13</subfield>
   <subfield code="v">94000.00</subfield>
   <subfield code="w">2018-09-13</subfield>
   <subfield code="y">BK</subfield>
  </datafield>
  <datafield tag="952" ind1=" " ind2=" ">
   <subfield code="0">0</subfield>
   <subfield code="1">0</subfield>
   <subfield code="2">ddc</subfield>
   <subfield code="4">0</subfield>
   <subfield code="6">711_580711000000000_M312</subfield>
   <subfield code="7">0</subfield>
   <subfield code="9">13813</subfield>
   <subfield code="a">000001</subfield>
   <subfield code="b">000001</subfield>
   <subfield code="d">2018-09-13</subfield>
   <subfield code="o">711.580711 M312</subfield>
   <subfield code="p">MD.12812</subfield>
   <subfield code="r">2018-09-13</subfield>
   <subfield code="v">94000.00</subfield>
   <subfield code="w">2018-09-13</subfield>
   <subfield code="y">BK</subfield>
  </datafield>
  <datafield tag="980" ind1=" " ind2=" ">
   <subfield code="a">Thư viện Trường Đại học Nam Cần Thơ</subfield>
  </datafield>
 </record>
</collection>
